Największe miasta USA w promieniu 200 kilometrów - Statystyki

Ogólne statystyki
  • Ten quiz został rozwiązany 23 razy
  • Średni wynik to 21 z 75
Odpowiedzi na mapie
Odpowiedzi zakodowano w zielono-czerwonej skali na mapie do tego quizu, zgodnie z poniższymi procentami.
 
Statystyki odpowiedzi
Populacja Miasta % Poprawnych
3 820 914 Los Angeles
100%
8 258 035 Nowy Jork
100%
755 078 Seattle
94%
2 664 452 Chicago
88%
455 924 Miami
88%
1 302 868 Dallas
81%
2 314 157 Houston
81%
660 929 Las Vegas
81%
678 972 Waszyngton
81%
653 833 Boston
75%
1 650 070 Phoenix
75%
633 218 Detroit
69%
879 293 Indianapolis
69%
341 778 Honolulu
63%
510 823 Atlanta
56%
716 577 Denver
56%
630 498 Portland
56%
143 709 Jackson
50%
364 136 Nowy Orlean
50%
560 274 Albuquerque
44%
286 075 Anchorage
44%
985 843 Jacksonville
44%
425 115 Minneapolis
44%
209 593 Salt Lake City
44%
913 175 Columbus
38%
510 704 Kansas City
38%
702 767 Oklahoma City
38%
1 495 295 San Antonio
38%
911 311 Charlotte
31%
678 958 El Paso
31%
969 655 San Jose
31%
687 788 Nashville
25%
403 364 Tampa
25%
235 421 Boise
19%
274 678 Buffalo
19%
210 381 Des Moines
19%
281 754 St. Louis
19%
316 595 Corpus Christi
13%
31 856 Fairbanks
13%
203 842 Little Rock
13%
483 335 Omaha
13%
75 092 Bismarck
6%
155 369 Charleston
6%
31 555 Juneau
6%
257 602 Laredo
6%
618 639 Memphis
6%
482 295 Raleigh
6%
229 447 Spokane
6%
202 221 Tallahassee
6%
396 119 Wichita
6%
100 858 Yuma
6%
129 043 Abilene
0%
200 884 Augusta
0%
120 864 Billings
0%
58 720 Casper
0%
34 574 Del Rio
0%
87 680 Duluth
0%
20 785 Elko
0%
133 188 Fargo
0%
46 237 Farmington
0%
69 412 Grand Junction
0%
60 422 Great Falls
0%
68 001 Idaho Falls
0%
198 162 Knoxville
0%
266 878 Lubbock
0%
21 079 Marquette
0%
77 757 Missoula
0%
79 404 Rapid City
0%
22 954 Rock Springs
0%
47 109 Roswell
0%
13 320 Sault Ste. Marie
0%
177 959 Shreveport
0%
206 410 Sioux Falls
0%
170 188 Springfield
0%
453 649 Virginia Beach
0%
Nie znaleziono quizów pasujących do podanych kryteriów
Rozkład punktacji
Procent ludzi z każdym wynikiem
Percentyl według liczby udzielonych odpowiedzi
Twoja historia wyników
Nie rozwiązałeś tego quizu